Carregant...
Complete works ed by Alfred Harbage /
| Autor principal: | |
|---|---|
| Idioma: | Undetermined |
| Publicat: |
1969
|
| LEADER | 00400nam a2200121Ia 4500 | ||
|---|---|---|---|
| 001 | 36797 | ||
| 008 | 170722s9999 xx 000 0 und d | ||
| 100 | |a Shakespeare, William | ||
| 245 | |a Complete works ed by Alfred Harbage / | ||
| 260 | |c 1969 | ||
| 942 | |c GEN | ||
| 999 | |c 4400 |d 4400 | ||
| 952 | |0 0 |1 0 |4 0 |6 O_2J64X_K9 |7 0 |9 4919 |a LIB |b LIB |d 2017-08-12 |l 1 |o O-,2J64x K9 |p 126706 |q 2006-04-29 |r 2017-08-14 |s 2017-08-14 |w 2017-08-12 |y GEN | ||